00687nam a22001817a 450000500170000001000150001702000300003203500140006203700130007608200110008910000150010024501100011526000440022527001110026930000860038070000240046670000150049020210409122142.0 aENG-129421 c195.00a978-93-88016-13-1 aEN-112953 bDBAD/PUB a370.82 aK. Sridevi aIntegrating Gender and Inclusive Perspectives in Education/bK. Sridevi, K. Srinivas Reddy and S. Radhika aNew DelhibNeelkamal Publicationsc2019 a4764/1, 23, Ansari Road, DaryaganjbNew Delhie110002k011-23244237, 98118-28953mneelkamalbooks@gmail.com aix190p.c24cm(pbk)bincluding illustrations, bibliographical references and index aReddy, K. Srinivas  aS. Radhika